Responses for show #7611 - Monday, October 16, 2017

Contestants

[<< previous game]

Jayanthi Martins, a finance manager from Austin, Texas

Emily Wilson, a nonprofit fundraising operations manager from Brooklyn, New York

Manny Abell, a Naval officer from Lacey, Washington (whose 1-day cash winnings total $17,199)

[next game >>]

Jeopardy! Round responses

ALSO A FRIENDS CHARACTER
NEWBERY MEDAL WINNERS
AT THE "M"PORIUM
CAUGHT
WITH YOUR HAND
IN THE COOKIE JAR
    $200 3
Monica

Manny
    $200 16
a witch

Manny
    $200 17
a microscope

Jayanthi
    $200 11
John Brown

Manny
    $200 26
sound

Manny
    $200 6
the Girl Scouts

Emily
    $400 4
joey

Emily
    $400 18
the Andes

Manny
    $400 19
a mortarboard

Emily
    $400 12
(Lee Harvey) Oswald

Manny
    $400 27
juggling

Triple Stumper
    $400 7
Pepperidge Farm

Emily
    $600 1
Rachel

Manny
    $600 23
navigation

Jayanthi
    $600 20
(Jayanthi: What's a mulberry?)

the myrtle

Jayanthi
Triple Stumper
    $600 13
Iraq

Manny
    $600 28
applause

Manny
    $600 8
fortune cookies

Manny
    $800 2
(Emily: What is Chandler?)

Ross

EmilyJayanthi
    $800 24
Little Women

Jayanthi
    $800 21
malt liquor

Manny
    $1,000 14
Joan of Arc

Manny
    $800 30
(Manny: What is... uh, a leash?)

a yo-yo

MannyEmily
    $800 9
(Manny: What's a snickerdoodle?)

a gingersnap

MannyJayanthi
    $1000 5
Phoebe

Triple Stumper
    $1000 25
(Manny: What is clash of thunder?)

hear my cry

MannyEmily
    $1000 22
marquise

Jayanthi
    $1000 15
Mossad

Jayanthi
    $1000 29
(Jayanthi: Who is Jerome Robbins?)

Bob Fosse

EmilyJayanthi
    $1000 10
Mallomars

Manny

Scores at the first commercial break (after clue 15):

Manny Emily Jayanthi
$3,800 $200 $2,600

Scores at the end of the Jeopardy! Round:

Manny Emily Jayanthi
$4,200 $3,400 $3,600

Double Jeopardy! Round responses

PAINT BY NUMBERS
TECHNOLOGY
BIOPICS OF BRITS
NON -IA COUNTRIES
(Alex: Each country will end with two vowels, but they will not be "I-A".)
THE HISTORY BOOKSHELF
PHRASES LITERALLY TRANSLATED
    $400 20
sunflowers

Jayanthi
    $400 1
facsimile

Emily
    $400 13
John Lennon

Emily
    $400 15
South Korea

Emily
    $400 27
1491

Emily
    $400 6
déja vu

Emily
    $800 21
wave

Manny
    $800 2
(Jayanthi: What is email?)

a modem

MannyJayanthi
    $800 14
Beatrix Potter

Triple Stumper
    $800 16
Nicaragua

Manny
    $800 26
steel

Manny
    $800 7
feng shui

Emily
    $1200 28
Jackson Pollock

Emily
    $1200 3
Waze

Jayanthi
    $1200 11
(Charles) Bronson

Manny
    $1200 17
Samoa

Jayanthi
    $1200 25
August

Manny
    $2,000 8
al dente

Emily
    $1600 29
(Jacques-Louis) David

Jayanthi
    $1600 4
Alexa

Jayanthi
    $1600 12
(Alan) Turing

Jayanthi
    $1600 18
Brunei

Manny
    $4,000 23
the Third Reich

Manny
    $1600 9
mano a mano

Manny
    $2000 30
chiaroscuro

Emily
    $2000 5
(Charles) Babbage

Emily
    $2000 22
the lIbertine

Triple Stumper
    $2000 19
(Emily: What is Namibia?)

Mozambique

EmilyJayanthi
    $2000 24
(Howard) Zinn

Manny
    $2000 10
Sinn Fein

Triple Stumper

Scores at the end of the Double Jeopardy! Round:

Manny Emily Jayanthi
$19,000 $11,400 $12,400

[wagering suggestions for these scores]

Final Jeopardy! Round responses

BIG BUSINESS
(Alex: Little bit of funny accounting with this company.)
EmilyWhat is Diapers.com? Enron?
$8,000
JayanthiWhat is General Motors?
$12,400
MannyWhat is Enron?
$6,599
Enron

Final scores:

Manny Emily Jayanthi
$25,599 $19,400 $0
2-day champion: $42,798 2nd place: $2,000 3rd place: $1,000

Game dynamics:

Coryat scores:

Manny Emily Jayanthi
$16,400 $10,600 $12,400
23 R
(including 2 DDs),
3 W
17 R
(including 1 DD),
2 W
14 R,
3 W

Combined Coryat: $39,400

The J! Archive is created by fans, for fans. The Jeopardy! game show and all elements thereof, including but not limited to copyright and trademark thereto, are the property of Jeopardy Productions, Inc. and are protected under law. This website is not affiliated with, sponsored by, or operated by Jeopardy Productions, Inc. Join the discussion at JBoard.tv.